Australian Cricket World Cup Squad 2023 - Statistics

General Stats
  • This quiz has been taken 163 times
  • The average score is 12 of 15
Answer Stats
Hint Answer % Correct
Bowler Mitchell Starc
96%
Bowler Pat Cummins
93%
Batter Steve Smith
92%
Wicket-Keeper Alex Carey
89%
Batter David Warner
89%
Bowler Adam Zampa
86%
All-Rounder Glenn Maxwell
85%
Batter Travis Head
83%
Bowler Josh Hazlewood
82%
All-Rounder Mitchell Marsh
81%
Wicket-Keeper Josh Inglis
80%
Batter Marnus Labuschagne
77%
All-Rounder Marcus Stoinis
72%
All-Rounder Cameron Green
69%
Bowler Sean Abbott
41%
No matching quizzes found
Score Distribution
Percent of People with Each Score
Percentile by Number Answered
Your Score History
You have not taken this quiz